| 000 | 01112nam a22002417a 4500 | ||
|---|---|---|---|
| 003 | BD-DhJNU | ||
| 005 | 20260412043410.0 | ||
| 008 | 260412b |||||||| |||| 00| 0 eng d | ||
| 020 | _a9789849898955 | ||
| 040 |
_aBD-DhJNU _bBEN _cBD-DhJNU _dBD-DhJNU |
||
| 082 |
_223 _a954.92 |
||
| 100 | _aইসলাম, আমিনুল | ||
| 242 |
_aMuslims of Bengal for a thousand years / _cAminul Islam |
||
| 245 |
_aহাজার বছরের বাংলার মুসলমান / _cআমিনুল ইসলাম |
||
| 260 |
_aঢাকা : _bদিব্যপ্রকাশ, _c2024. |
||
| 300 |
_a৩৮৪ পৃ. : _c২২ সেমি.। |
||
| 504 | _aগ্রন্থপঞ্জিগত নির্দেশিকা ও নিঘন্ট অন্তভূক্ত | ||
| 650 | _aবাংলার ইতিহাস - মুসলিম শাসন | ||
| 650 | _aHistory of Bengal - Muslim Rule | ||
| 650 | _aবাংলাদেশ - সামাজিক জীবন ও সংস্কৃতি | ||
| 650 | _aBangladesh - Social life and customs | ||
| 942 |
_2ddc _cBK _n0 |
||
| 999 |
_c2668 _d2668 |
||